Trabajo, maternidad y lactancia / (Record no. 35628)
[ view plain ]
| 000 -LEADER | |
|---|---|
| campo de control de longitud fija | 00818nam a2200229 i 4500 |
| 001 - NÚMERO DE CONTROL | |
| campo de control | 35628 |
| 003 - IDENTIFICADOR DE NÚMERO DE CONTROL | |
| campo de control | ES-MaACL |
| 005 - FECHA Y HORA DE LA ÚLTIMA TRANSACCIÓN | |
| campo de control | 20251122063111.0 |
| 007 - CAMPO FIJO DE DESCRIPCIÓN FÍSICA--INFORMACIÓN GENERAL | |
| campo de control de longitud fija | t| |
| 008 - DATOS DE LONGITUD FIJA--INFORMACIÓN GENERAL | |
| campo de control de longitud fija | 030213s1943 sp ||||1| spa d |
| 100 1# - ENTRADA PRINCIPAL--NOMBRE DE PERSONA | |
| Nombre de persona | Bosch Marín, Juan, |
| Fechas asociadas al nombre | 1902-1995 |
| 9 (RLIN) | 30660 |
| 245 10 - MENCIÓN DEL TÍTULO | |
| Título | Trabajo, maternidad y lactancia / |
| Mención de responsabilidad, etc. | por Juan Bosch Marín. |
| 260 ## - PUBLICACIÓN, DISTRIBUCIÓN, ETC. | |
| Lugar de publicación, distribución, etc. | Madrid : |
| Nombre del editor, distribuidor, etc. | Instituto Nacional de Previsión, |
| Fecha de publicación, distribución, etc. | 1943 ( |
| Fabricante | Minuesa) |
| 300 ## - DESCRIPCIÓN FÍSICA | |
| Extensión | 16 p. : |
| Otras características físicas | il. ; |
| Dimensiones | 21 cm. |
| 490 1# - MENCIÓN DE SERIE | |
| Mención de serie | Publicaciones del Instituto Nacional de Previsión |
| 650 00 - PUNTO DE ACCESO ADICIONAL DE MATERIA--TÉRMINO DE MATERIA | |
| Término de materia o nombre geográfico como elemento de entrada | Mujeres- |
| Subdivisión general | Trabajo- |
| Subdivisión geográfica | España- |
| Subdivisión cronológica | S.XX. |
| 9 (RLIN) | 15321 |
| 650 00 - PUNTO DE ACCESO ADICIONAL DE MATERIA--TÉRMINO DE MATERIA | |
| Término de materia o nombre geográfico como elemento de entrada | Maternidad. |
| 9 (RLIN) | 14852 |
| 710 2# - ENTRADA AGREGADA--NOMBRE DE ENTIDAD CORPORATIVA | |
| Nombre de entidad corporativa o nombre de jurisdicción como elemento de entrada | Instituto Nacional de Previsión (España) |
| 9 (RLIN) | 5180 |
| 830 1# - PUNTO DE ACCESO ADICIONAL DE SERIE-TÍTULO UNIFORME | |
| Título uniforme | Publicaciones del Instituto Nacional de Previsión |
| 9 (RLIN) | 181151 |
| 852 ## - LOCALIZACIÓN | |
| Ubicación | ES-MaACL |
| Número de control de estantería | 1842-F-10 |
| Estatus retirado | Estado de pérdida | Estado de daño | No para préstamo | Colección | Biblioteca de origen | Biblioteca actual | Ubicación en estantería | Fecha de adquisición | Fuente de adquisición | Total de préstamos | Signatura topográfica completa | Código de barras | Visto por última vez | Precio de reemplazo | Tipo de ítem Koha |
|---|---|---|---|---|---|---|---|---|---|---|---|---|---|---|---|
| Colección de folletos | Biblioteca del Ateneo de Madrid | Biblioteca del Ateneo de Madrid | Depósito folletos | 17/01/2008 | 1842-F-10 | 1037309 | 23/02/2023 | 23/02/2023 | Folleto |
